00603 2200217 4500001002100000008004100021035002000062245009200082100001600174260003100190300002100221020002200242084001800264082001000282650002300292990001400315990001400329990001400343990001400357990001400371INLIS000000000000640 ind  a0010-0925000005 aBupena Merdeka IPA Kimiabuntuk SMA/MA Kelas XcAri Damari; Luluk Isnawati; Any Sufiaty aDamari, Ari aJakarta :bErlangga,c2023 a134 hlm.c26 cm. a978-623-180-161-6 a540.7 DAM b-1 a540.7 aPendidikan - Kimia a000001200 a000001201 a000001202 a000001203 a000001204